000 00640nam a2200193 i 4500
001 170419
003 ES-MaACL
005 20230906214357.0
008 090304s1980 fr |||| | fre d
020 _a2-86262-051-3
080 _a008(569.4)
245 0 3 _aLe patrimoine culturel palestinien /
_couvrage préparé par Maher Al-Charif.
260 _a[Paris] :
_bLe Sycomore,
_c1980.
300 _a233 p. :
_bmus. ;
_c22 cm.
504 _aBibliografía.
650 0 4 _aLiteratura palestina-
_xHistoria y crítica.
_9168349
700 1 _aCharif, Maher Al.
_9139586
852 _aES-MaACL
_jE-12471
_z. - Biblioteca Jacinto Martínez Lacalle
999 _c170419
_d170419